The Bombay plan & other essays. (Record no. 85838)

MARC details
000 -LEADER
fixed length control field 00746cam a2200253 4500
001 - CONTROL NUMBER
control field sa 68014498
003 - CONTROL NUMBER IDENTIFIER
control field DLC
005 - DATE AND TIME OF LATEST TRANSACTION
control field 20260227112632.0
008 - FIXED-LENGTH DATA ELEMENTS--GENERAL INFORMATION
fixed length control field 700212s1968 ii c 000 0 eng
010 ## - LIBRARY OF CONGRESS CONTROL NUMBER
LC control number sa 68014498
025 ## - OVERSEAS ACQUISITION NUMBER
Overseas acquisition number PL480:I-E-11128
040 ## - CATALOGING SOURCE
Original cataloging agency DLC
Transcribing agency DLC
Modifying agency DLC
050 00 - LIBRARY OF CONGRESS CALL NUMBER
Classification number HC435.2
Item number .B65
082 00 - DEWEY DECIMAL CLASSIFICATION NUMBER
Classification number 330.954
245 04 - TITLE STATEMENT
Title The Bombay plan & other essays.
260 ## - PUBLICATION, DISTRIBUTION, ETC.
Place of publication, distribution, etc. Bombay,
Name of publisher, distributor, etc. Lalvani Pub. House
Date of publication, distribution, etc. [1968]
300 ## - PHYSICAL DESCRIPTION
Extent xii, 85 p.
Other physical details port.
Dimensions 19 cm.
350 ## - PRICE (NR) (BK AM CF MU VM SE) [OBSOLETE]
Price 4.00
490 1# - SERIES STATEMENT
Series statement A. D. Shroff memorial lectures, 2
500 ## - GENERAL NOTE
General note "Delivered under the auspices of Forum of Free Enterprise."
651 #0 - SUBJECT ADDED ENTRY--GEOGRAPHIC NAME
Geographic name India
General subdivision Economic policy.
710 2# - ADDED ENTRY--CORPORATE NAME
Corporate name or jurisdiction name as entry element Forum of Free Enterprise.
830 #0 - SERIES ADDED ENTRY--UNIFORM TITLE
Uniform title A. D. Schroff memorial lectures,
Volume/sequential designation 2

No items available.

Powered by Koha